[Event "?"]
[Site "?"]
[Date "2017.07.24"]
[Round "2.5"]
[White "Scallan, Cillian"]
[Black "Lesage, Margot"]
[Result "0-1"]
[WhiteElo "1181"]
[BlackElo "1282"]
[PlyCount "94"]
[EventDate "2017.07.28"]
[SourceDate "2017.07.28"]
[WhiteTeam "IRL"]
[BlackTeam "FRA"]

1. e4 c5 2. Nf3 g6 3. d4 cxd4 4. Nxd4 Bg7 5. Nc3 a6 6. Bd3 Bxd4 7. Ne2 Bg7 8.
f4 d6 9. O-O Nf6 10. Be3 O-O 11. Ng3 Nc6 12. c3 Bd7 13. f5 Ne5 14. Bc2 Nc4 15.
Bc1 Qb6+ 16. Kh1 Ne3 17. Bxe3 Qxe3 18. Re1 Qb6 19. e5 dxe5 20. h3 Bc6 21. Bb3
Qf2 22. Re2 Qxg3 23. Qf1 Nh5 24. fxg6 hxg6 25. Rf2 Nf4 26. Rd1 Nxg2 27. Rxg2
Qxg2+ 28. Qxg2 Bxg2+ 29. Kxg2 Rad8 30. Rf1 Rd2+ 31. Kf3 Rxb2 32. Ke3 Rh2 33.
Rf3 b5 34. Rg3 Kh7 35. Rf3 e6 36. Bxe6 fxe6 37. Rxf8 Bxf8 38. Ke4 Rxh3 39. Kxe5
Rxc3 40. Kxe6 Ra3 41. Ke5 Rxa2 42. Kf6 b4 43. Kf7 b3 44. Kxf8 b2 45. Kf7 b1=Q
46. Kf8 Re2 47. Kf7 Qf5# 0-1

[Event "?"]
[Site "?"]
[Date "2017.07.25"]
[Round "3.1"]
[White "Ratnesan, Ranesh"]
[Black "Brass, Ezra"]
[Result "1-0"]
[WhiteElo "1845"]
[BlackElo "1576"]
[PlyCount "113"]
[EventDate "2017.07.28"]
[SourceDate "2017.07.28"]
[WhiteTeam "ENG A"]
[BlackTeam "ENG B"]

1. Nf3 Nf6 2. g3 b6 3. Bg2 Bb7 4. c4 c5 5. b3 e6 6. O-O Be7 7. e3 O-O 8. Bb2 d6
9. Qe2 Nbd7 10. Nc3 a6 11. Rfd1 Rc8 12. Rac1 Qc7 13. d4 Qb8 14. a4 Qa8 15. Ne1
Rfd8 16. d5 Nf8 17. e4 e5 18. Nd3 Ng6 19. Rf1 Rc7 20. f4 exf4 21. gxf4 Bc8 22.
h3 Nh4 23. Nd1 Ne8 24. Ne3 Bd7 25. Kh2 Qc8 26. Rg1 Bf8 27. Bf1 Ng6 28. Ng4 f5
29. e5 fxg4 30. e6 Nf6 31. f5 Nh4 32. hxg4 Be8 33. Qf2 Ng6 34. fxg6 hxg6 35. g5
Nh7 36. Nf4 Be7 37. Nh3 Ra7 38. Bd3 b5 39. Qc2 bxc4 40. bxc4 Qb7 41. Bc3 Nf8
42. Nf4 Nh7 43. Nh3 Nf8 44. Kg3 Nh7 45. Kf3 Nf8 46. Ke3 Nh7 47. Rcf1 Nf8 48.
Rh1 Nh7 49. Rfg1 Nf8 50. Nf4 Nh7 51. Rxh7 Kxh7 52. Bxg6+ Kg8 53. Bxe8 Rxe8 54.
Qg6 Bxg5 55. Qxe8+ Kh7 56. Rxg5 Qb3 57. Rh5# 1-0

[Event "?"]
[Site "?"]
[Date "2017.07.25"]
[Round "3.2"]
[White "Saidmurodov, Shahjahon"]
[Black "Yoon, Jacob D"]
[Result "0-1"]
[WhiteElo "1505"]
[BlackElo "1874"]
[PlyCount "122"]
[EventDate "2017.07.28"]
[SourceDate "2017.07.28"]
[WhiteTeam "ENG B"]
[BlackTeam "ENG A"]

1. d4 Nf6 2. Nf3 e6 3. h3 b6 4. Bf4 Bb7 5. e3 c5 6. c3 Be7 7. Bd3 d6 8. Nbd2
Nbd7 9. Qc2 h6 10. Rg1 g5 11. Bh2 Rg8 12. a4 Qc7 13. Nc4 g4 14. hxg4 Nxg4 15.
Bg3 Ndf6 16. O-O-O Nh5 17. Bh7 Rh8 18. dxc5 Nxg3 19. Nxd6+ Bxd6 20. cxd6 Qc6
21. fxg3 Nxe3 22. d7+ Ke7 23. Qd3 Nxd1 24. Rxd1 Rad8 25. Ne5 Qd5 26. Qe3 Qc5
27. Ng6+ fxg6 28. Qxh6 Qf5 29. g4 Qf6 30. c4 g5 31. Qh3 Rxd7 32. Qa3+ Ke8 33.
Rxd7 Kxd7 34. Qd3+ Ke7 35. a5 Rd8 36. Qe2 Qf4+ 37. Kc2 Rd4 38. Bd3 e5 39. Qe1
Be4 40. Qb4+ Kd8 41. Bxe4 Qxe4+ 42. Kb3 Qd3+ 43. Qc3 Qxc3+ 44. Kxc3 Rxg4 45. b4
bxa5 46. b5 Rxg2 47. c5 Kc7 48. Kc4 Rg4+ 49. Kd5 a4 50. Kxe5 a3 51. Kf5 Rb4 52.
b6+ axb6 53. Kxg5 a2 54. c6 a1=Q 55. Kf5 Qe1 56. Kf6 Rf4+ 57. Kg5 Qg3+ 58. Kh5
Kxc6 59. Kh6 Rf1 60. Kh7 Rf6 61. Kh8 Rh6# 0-1

[Event "?"]
[Site "?"]
[Date "2017.07.25"]
[Round "3.3"]
[White "See, Tristian"]
[Black "Lesliel, Alex"]
[Result "1-0"]
[WhiteElo "1531"]
[BlackElo "1485"]
[PlyCount "103"]
[EventDate "2017.07.28"]
[SourceDate "2017.07.28"]
[WhiteTeam "ENG A"]
[BlackTeam "ENG B"]

1. e4 c5 2. Nf3 d6 3. Bb5+ Bd7 4. Bxd7+ Qxd7 5. O-O Nc6 6. c3 Nf6 7. Re1 g6 8.
d4 cxd4 9. cxd4 Bg7 10. Nc3 O-O 11. h3 Rfd8 12. Be3 Ne8 13. Qd2 Nc7 14. Bh6 Bh8
15. Rad1 d5 16. e5 Ne6 17. Qd3 Na5 18. Nd2 Rac8 19. f4 Bg7 20. Bxg7 Nxg7 21. g4
Nc6 22. Nf1 h5 23. Qf3 e6 24. Ng3 hxg4 25. hxg4 a6 26. Kg2 Kf8 27. Rh1 Ke7 28.
Rh7 Rg8 29. Nce2 Kd8 30. Qa3 Kc7 31. Rd3 Kb8 32. Rb3 Ka8 33. Rc3 Ne8 34. b4 Nc7
35. Rc5 Kb8 36. Qb2 b6 37. Rc2 Rh8 38. Rxh8 Rxh8 39. a4 Kb7 40. a5 b5 41. Nc1
Nb8 42. Nb3 Qe7 43. g5 Nd7 44. Qc3 Rc8 45. Qc6+ Kb8 46. Nc5 Nxc5 47. Rxc5 Qe8
48. Qb6+ Ka8 49. Rxc7 Rxc7 50. Qxc7 Qf8 51. Qc6+ Kb8 52. Qb6+ 1-0

[Event "?"]
[Site "?"]
[Date "2017.07.25"]
[Round "3.4"]
[White "Ng, Thomas"]
[Black "Metcalfe, Charlie P"]
[Result "0-1"]
[WhiteElo "1357"]
[BlackElo "1713"]
[PlyCount "136"]
[EventDate "2017.07.28"]
[SourceDate "2017.07.28"]
[WhiteTeam "ENG B"]
[BlackTeam "ENG A"]

1. Nf3 d5 2. g3 Nf6 3. Bg2 g6 4. d4 Bg7 5. O-O O-O 6. c4 dxc4 7. Qc2 Bf5 8.
Qxc4 c6 9. Nc3 Nbd7 10. Qb3 Qb6 11. Bf4 Qxb3 12. axb3 Nb6 13. Ra3 Nfd5 14. Bd2
Rfd8 15. e3 a6 16. Re1 Nb4 17. Ne2 N6d5 18. Bxb4 Nxb4 19. Rd1 Nc2 20. Ra4 b5
21. Ra5 Be6 22. Nd2 Bd5 23. Rc1 Nb4 24. Rc3 Bxg2 25. Kxg2 e5 26. Nf3 e4 27. Nd2
f5 28. Nf4 Rd6 29. h4 Kf7 30. Kf1 Bf6 31. Nb1 Rc8 32. Na3 Bd8 33. Nxb5 cxb5 34.
Rxa6 Rxc3 35. Rxd6 Rc1+ 36. Kg2 Be7 37. Rb6 Rc2 38. Rxb5 Rxb2 39. Rb7 Rc2 40.
d5 Ke8 41. Rb8+ Kd7 42. Rb7+ Rc7 43. Rb8 Rc8 44. Rb7+ Ke8 45. d6 Bxd6 46. Rxh7
Bxf4 47. Rh8+ Kd7 48. Rxc8 Kxc8 49. gxf4 Kd7 50. f3 Kd6 51. fxe4 fxe4 52. Kg3
Nd5 53. f5 gxf5 54. h5 Ke6 55. Kh3 Nxe3 56. Kg3 Nd5 57. Kh3 Kf6 58. Kh4 f4 59.
Kg4 f3 60. Kg3 Kg5 61. Kf2 Kxh5 62. b4 Nxb4 63. Kg1 e3 64. Kf1 Nd3 65. Kg1 e2
66. Kh2 Kh4 67. Kg1 e1=Q+ 68. Kh2 Qe2+ 0-1

[Event "?"]
[Site "?"]
[Date "2017.07.25"]
[Round "3.1"]
[White "Sivarajasingam, Venetia"]
[Black "Dwyer, Daniel"]
[Result "0-1"]
[WhiteElo "1710"]
[BlackElo "1720"]
[PlyCount "148"]
[EventDate "2017.07.28"]
[SourceDate "2017.07.28"]
[WhiteTeam "WLS"]
[BlackTeam "IRL"]

1. e4 c6 2. d4 d5 3. Nc3 dxe4 4. Nxe4 Bf5 5. Ng3 Bg6 6. h4 h6 7. Nf3 Nd7 8. h5
Bh7 9. Bd3 Bxd3 10. Qxd3 e6 11. Bf4 Bb4+ 12. c3 Be7 13. O-O-O Ngf6 14. Ne4 Nxe4
15. Qxe4 Nf6 16. Qd3 Qd5 17. c4 Qe4 18. Qxe4 Nxe4 19. Be3 O-O 20. Ne5 Rfd8 21.
f3 Ng3 22. Rh3 Nf5 23. f4 Bf6 24. Bg1 Nd6 25. Rhd3 Rac8 26. Kb1 b5 27. c5 Nf5
28. g4 Ne7 29. Nf3 Rd5 30. Nd2 Rd7 31. Ne4 Nd5 32. Bh2 Be7 33. g5 Kh7 34. Rg1
Rcd8 35. Rgd1 Nb4 36. R3d2 Rd5 37. g6+ fxg6 38. hxg6+ Kxg6 39. Rg1+ Kh7 40. a3
Rxd4 41. Rxd4 Rxd4 42. Nc3 Nd5 43. f5 Nxc3+ 44. bxc3 Re4 45. fxe6 Bxc5 46. Kb2
Rxe6 47. Kb3 a5 48. Bc7 a4+ 49. Kb2 Rf6 50. Rg3 Rf2+ 51. Kb1 Bxa3 52. Be5 Bf8
53. Bd4 Rf1+ 54. Ka2 c5 55. Be5 b4 56. cxb4 cxb4 57. Rg2 b3+ 58. Kb2 Rf5 59.
Bc3 h5 60. Rh2 g6 61. Rd2 Rf7 62. Re2 Rb7 63. Rf2 a3+ 64. Kb1 Bc5 65. Re2 a2+
66. Ka1 Rd7 67. Re1 Ba3 68. Rf1 g5 69. Rh1 h4 70. Rf1 h3 71. Rg1 g4 72. Rh1 Kg6
73. Rg1 h2 74. Rxg4+ Kh5 0-1

[Event "?"]
[Site "?"]
[Date "2017.07.25"]
[Round "3.2"]
[White "Menon, Sanjay"]
[Black "Ray, Hiya"]
[Result "1-0"]
[WhiteElo "1499"]
[BlackElo "1523"]
[PlyCount "135"]
[EventDate "2017.07.28"]
[SourceDate "2017.07.28"]
[WhiteTeam "IRL"]
[BlackTeam "WLS"]

1. e4 c5 2. Nf3 d6 3. d4 cxd4 4. Nxd4 Nf6 5. Bd3 g6 6. c4 Bg7 7. Nc3 O-O 8. O-O
b6 9. Be2 Bb7 10. f3 Nbd7 11. Be3 Re8 12. Qd2 Rc8 13. Ndb5 a6 14. Nd4 Ne5 15.
b3 e6 16. Nc2 d5 17. exd5 exd5 18. cxd5 Nxd5 19. Nxd5 Qxd5 20. Qxd5 Bxd5 21.
Rac1 b5 22. Kf2 Nd7 23. Nb4 Bb7 24. Rfd1 Nf6 25. Rxc8 Rxc8 26. Rd6 a5 27. Rb6
Ba8 28. Na6 Bc6 29. Bxb5 Bxb5 30. Rxb5 Rc2+ 31. Kg3 Nh5+ 32. Kh3 Rxa2 33. Rb8+
Bf8 34. Bh6 Ng7 35. Nc7 Re2 36. Nd5 Re6 37. f4 f5 38. Bg5 Ne8 39. Rb5 Ra6 40.
Nc3 Re6 41. g3 Bb4 42. Nd5 Re4 43. Rb7 Bc5 44. g4 fxg4+ 45. Kxg4 Bd6 46. Bf6
Bxf4 47. Kf3 Re6 48. Bc3 Bxh2 49. Bxa5 Re5 50. Ne7+ Kf8 51. Bb4 Rh5 52. Nxg6+
Kg8 53. Ne7+ Kf7 54. Nd5+ Kg6 55. Ne7+ Kf7 56. Nd5+ Kg6 57. Rb6+ Kf7 58. Nf4
Rf5 59. Bd2 h5 60. Ke4 Rf6 61. Rb7+ Kf8 62. Bb4+ Kg8 63. Nxh5 Nd6+ 64. Bxd6
Rxd6 65. Kf5 Rd5+ 66. Kg6 Rd3 67. Nf6+ Kf8 68. Rf7# 1-0

[Event "?"]
[Site "?"]
[Date "2017.07.25"]
[Round "3.3"]
[White "Chung, Ethan Cheung Jing"]
[Black "Kirby, Con"]
[Result "1-0"]
[WhiteElo "1348"]
[BlackElo "1228"]
[PlyCount "75"]
[EventDate "2017.07.28"]
[SourceDate "2017.07.28"]
[WhiteTeam "WLS"]
[BlackTeam "IRL"]

1. e4 e5 2. Nf3 Nc6 3. Nc3 Nf6 4. d4 exd4 5. Nxd4 Bb4 6. Nxc6 bxc6 7. Bd3 O-O
8. O-O Re8 9. Bg5 h6 10. Bh4 Bb7 11. f4 d6 12. Qe2 Bc5+ 13. Kh1 Bd4 14. Na4 Qe7
15. c3 Bb6 16. Rae1 Qe6 17. Bxf6 Qxf6 18. e5 dxe5 19. fxe5 Qh4 20. Nxb6 cxb6
21. Qf3 Re7 22. Re4 Qg5 23. h4 Qg6 24. Rg4 Qe6 25. Qe4 g6 26. Bc4 c5 27. Rxg6+
Kf8 28. Qxb7 Qxc4 29. Qxa8+ Re8 30. Rg8+ Kxg8 31. Qxe8+ Kg7 32. Kg1 Qd5 33. Qe7
Kg8 34. e6 f6 35. Qf7+ Kh8 36. Qxf6+ Kh7 37. Qe7+ Kg6 38. Qf7# 1-0

[Event "?"]
[Site "?"]
[Date "2017.07.25"]
[Round "3.4"]
[White "Jordan, Felix"]
[Black "Smith, Madeleine"]
[Result "0-1"]
[WhiteElo "1472"]
[BlackElo "1020"]
[PlyCount "98"]
[EventDate "2017.07.28"]
[SourceDate "2017.07.28"]
[WhiteTeam "IRL"]
[BlackTeam "WLS"]

1. e4 e5 2. Nf3 Nc6 3. Bb5 f5 4. d4 Nf6 5. O-O Be7 6. Nc3 O-O 7. Re1 fxe4 8.
Nxe4 Nxe4 9. Rxe4 d5 10. Re1 e4 11. Ne5 Nxe5 12. dxe5 Bc5 13. Rf1 c6 14. Be2
Qh4 15. Be3 Bb4 16. c3 Ba5 17. f3 Be6 18. Qb3 b5 19. Qc2 Bf5 20. Qd2 Bc7 21.
Bf2 Qe7 22. f4 Qf7 23. a3 Qg6 24. Bg3 Rae8 25. Qd1 Qh6 26. Bg4 Bb6+ 27. Kh1 e3
28. Bxf5 Rxf5 29. Qd3 Rh5 30. Rae1 Rf8 31. b3 Rff5 32. c4 Qg6 33. Rf3 bxc4 34.
bxc4 d4 35. Qb3 c5 36. Qb5 Rf8 37. Qb3 Rd8 38. Kg1 Qe4 39. Qd1 Ba5 40. Re2 Rb8
41. Rf1 d3 42. Rxe3 Qxe3+ 43. Bf2 Qe2 44. Qxe2 dxe2 45. Rc1 Rb2 46. e6 Kf8 47.
g4 Rh6 48. Bxc5+ Ke8 49. Bf2 Rxe6 0-1

[Event "?"]
[Site "?"]
[Date "2017.07.25"]
[Round "3.5"]
[White "Stevenson, Neil"]
[Black "Scallan, Cillian"]
[Result "1-0"]
[WhiteElo "1088"]
[BlackElo "1181"]
[PlyCount "49"]
[EventDate "2017.07.28"]
[SourceDate "2017.07.28"]
[WhiteTeam "WLS"]
[BlackTeam "IRL"]

1. e4 e5 2. Nf3 Nc6 3. Bc4 Bc5 4. b4 Bxb4 5. c3 Ba5 6. d4 exd4 7. O-O Nge7 8.
cxd4 d5 9. exd5 Nxd5 10. Qb3 Be6 11. Qxb7 Ndb4 12. d5 Rb8 13. Qxb8 Qxb8 14.
dxe6 fxe6 15. Nbd2 Kd7 16. Rb1 Qd8 17. Rd1 Qf6 18. Ne4+ Kc8 19. Nxf6 gxf6 20.
Bxe6+ Kb7 21. a3 Ka8 22. axb4 Bb6 23. Bd5 Rd8 24. Bxc6+ Kb8 25. Rxd8# 1-0

[Event "?"]
[Site "?"]
[Date "2017.07.25"]
[Round "3.1"]
[White "Meillon, Judicael"]
[Black "Sibbald, Connor"]
[Result "1-0"]
[WhiteElo "1931"]
[BlackElo "1399"]
[PlyCount "129"]
[EventDate "2017.07.28"]
[SourceDate "2017.07.28"]
[WhiteTeam "FRA"]
[BlackTeam "SCO"]

1. e4 c5 2. b4 cxb4 3. a3 bxa3 4. Nxa3 Nc6 5. Nf3 d6 6. Bc4 Nf6 7. Qe2 Bg4 8.
Bb2 Rc8 9. O-O e6 10. h3 Bh5 11. Qe3 Bg6 12. e5 dxe5 13. Bb5 a6 14. Bxc6+ Rxc6
15. Nxe5 Rc8 16. Nac4 Bc5 17. d4 Be7 18. Qb3 Qc7 19. Bc3 b5 20. Ba5 bxc4 21.
Qa4+ Nd7 22. Bxc7 Rxc7 23. Nxd7 Rxd7 24. Qxc4 O-O 25. Rxa6 Rfd8 26. Rb1 Bf6 27.
Qc6 Rxd4 28. Ra8 h6 29. Rxd8+ Rxd8 30. Qc7 Kh7 31. Qc4 Rd2 32. Rc1 Bb2 33. Rb1
Rxc2 34. Qxc2 Bxc2 35. Rxb2 Be4 36. f3 Bd5 37. Kf2 g5 38. Ke3 Kg6 39. Kd4 Kf5
40. Ke3 Kg6 41. Rb8 Kf6 42. Rd8 Bc4 43. Rc8 Bd5 44. Rc7 Ba2 45. Kd4 e5+ 46. Kc5
Kg6 47. Kd6 Kf5 48. Ra7 Bc4 49. g3 Be2 50. Rxf7+ Kg6 51. Rf8 Kg7 52. Rf5 Bf1
53. h4 gxh4 54. gxh4 Bd3 55. Kxe5 Bxf5 56. Kxf5 Kf7 57. h5 Kg7 58. Ke6 Kg8 59.
f4 Kg7 60. f5 Kf8 61. Kf6 Kg8 62. Ke7 Kg7 63. f6+ Kg8 64. f7+ Kh7 65. Kf6 1-0

[Event "?"]
[Site "?"]
[Date "2017.07.25"]
[Round "3.2"]
[White "Hartman, James"]
[Black "Verhille, Elie"]
[Result "0-1"]
[WhiteElo "1287"]
[BlackElo "1754"]
[PlyCount "60"]
[EventDate "2017.07.28"]
[SourceDate "2017.07.28"]
[WhiteTeam "SCO"]
[BlackTeam "FRA"]

1. d4 e6 2. c4 f5 3. Nc3 Nf6 4. Bg5 Be7 5. Nf3 O-O 6. e3 b6 7. Be2 Bb7 8. O-O
d6 9. b4 Nbd7 10. Qb3 c5 11. bxc5 dxc5 12. Rfd1 Ne4 13. Bxe7 Qxe7 14. Nxe4 fxe4
15. Nd2 Qf6 16. f3 cxd4 17. exd4 Qxd4+ 18. Kh1 Nc5 19. Qc2 exf3 20. Nxf3 Qg4
21. Rd4 Rf4 22. Rad1 Rxd4 23. Rxd4 Be4 24. Qd2 Rf8 25. Rd8 Qf5 26. Qd6 Bb7 27.
Ng5 Bxg2+ 28. Kxg2 Qxg5+ 29. Bg4 Rxd8 30. Qxd8+ Qxd8 0-1

[Event "?"]
[Site "?"]
[Date "2017.07.25"]
[Round "3.3"]
[White "Kien, Clovis"]
[Black "Connolly Sams, Dietah"]
[Result "1-0"]
[WhiteElo "1501"]
[BlackElo "1565"]
[PlyCount "39"]
[EventDate "2017.07.28"]
[SourceDate "2017.07.28"]
[WhiteTeam "FRA"]
[BlackTeam "SCO"]

1. e4 e6 2. d4 d5 3. Nd2 Nf6 4. e5 Nfd7 5. Ngf3 c5 6. c3 Nc6 7. Bd3 Qb6 8. O-O
cxd4 9. cxd4 Nxd4 10. Nxd4 Qxd4 11. Nf3 Qb6 12. Qa4 Be7 13. Qg4 g6 14. Re1 Qc7
15. Bh6 b6 16. Rac1 Qd8 17. Nd4 Bb7 18. Nxe6 fxe6 19. Qxg6+ hxg6 20. Bxg6# 1-0

[Event "?"]
[Site "?"]
[Date "2017.07.25"]
[Round "4.1"]
[White "Dwyer, Daniel"]
[Black "Sibbald, Connor"]
[Result "1-0"]
[WhiteElo "1720"]
[BlackElo "1399"]
[PlyCount "53"]
[EventDate "2017.07.28"]
[SourceDate "2017.07.28"]
[WhiteTeam "IRL"]
[BlackTeam "SCO"]

1. e4 c5 2. Nf3 d6 3. d4 cxd4 4. Nxd4 Nf6 5. Nc3 a6 6. Be3 e5 7. Nb3 Be6 8. Qd2
Be7 9. f3 Nbd7 10. O-O-O Rc8 11. g4 b5 12. h4 h6 13. Be2 Qc7 14. Bd3 Nb6 15. g5
hxg5 16. hxg5 Rxh1 17. Rxh1 Nfd7 18. Rh8+ Bf8 19. Bxb5 Bxb3 20. axb3 a5 21. Ba6
Ra8 22. Nb5 Qc6 23. Nxd6+ Ke7 24. Nf5+ Ke6 25. Bb7 Qb5 26. c4 Bb4 27. Bd5+ 1-0

[Event "?"]
[Site "?"]
[Date "2017.07.25"]
[Round "4.2"]
[White "Hartman, James"]
[Black "Menon, Sanjay"]
[Result "1-0"]
[WhiteElo "1287"]
[BlackElo "1499"]
[PlyCount "67"]
[EventDate "2017.07.28"]
[SourceDate "2017.07.28"]
[WhiteTeam "SCO"]
[BlackTeam "IRL"]

1. d4 Nf6 2. Nf3 g6 3. Nc3 d6 4. e4 Nbd7 5. Bf4 Bg7 6. Qd2 O-O 7. h3 Re8 8. Bh6
Bh8 9. Bc4 e5 10. Ng5 Re7 11. O-O-O exd4 12. Qxd4 Ne5 13. Qxe5 d5 14. Bxd5 Nxd5
15. Qxd5 Qe8 16. f4 Rb8 17. Rd3 Bd7 18. g4 b5 19. Re1 b4 20. Nb1 Bb5 21. Rde3
Rd8 22. Qb3 Bd4 23. Rg3 Bf2 24. Rge3 Bxe1 25. Rxe1 c5 26. e5 a5 27. Ne4 Re6 28.
Bg5 Rd4 29. Nf6+ Rxf6 30. Bxf6 Rxf4 31. Qe3 Rf1 32. Rxf1 Bxf1 33. Nd2 Qb5 34.
Qh6 1-0

[Event "?"]
[Site "?"]
[Date "2017.07.25"]
[Round "4.3"]
[White "Kirby, Con"]
[Black "Connolly Sams, Dietah"]
[Result "1-0"]
[WhiteElo "1228"]
[BlackElo "1565"]
[PlyCount "59"]
[EventDate "2017.07.28"]
[SourceDate "2017.07.28"]
[WhiteTeam "IRL"]
[BlackTeam "SCO"]

1. e4 e6 2. d4 d5 3. Nc3 Nf6 4. e5 Nfd7 5. f4 c5 6. Nf3 Nc6 7. Be3 a6 8. Qd2 b5
9. a3 Be7 10. Be2 O-O 11. O-O Bb7 12. Kh1 Rc8 13. Rae1 Qb6 14. f5 cxd4 15. Nxd4
Nxd4 16. Bxd4 Qd8 17. f6 Nxf6 18. exf6 gxf6 19. Qh6 e5 20. Bd3 e4 21. Rxf6 Bxf6
22. Bxf6 Qxf6 23. Qxf6 exd3 24. Re3 Rfe8 25. Rg3+ Kf8 26. Qd6+ Re7 27. Re3 Rce8
28. Qh6+ Kg8 29. Rg3+ Kh8 30. Qg7# 1-0

[Event "?"]
[Site "?"]
[Date "2017.07.25"]
[Round "4.1"]
[White "Sivarajasingam, Venetia"]
[Black "Ratnesan, Ranesh"]
[Result "1/2-1/2"]
[WhiteElo "1710"]
[BlackElo "1845"]
[PlyCount "41"]
[EventDate "2017.07.28"]
[SourceDate "2017.07.28"]
[WhiteTeam "WLS"]
[BlackTeam "ENG A"]

1. e4 c5 2. Nf3 a6 3. c3 e6 4. d4 d5 5. e5 Nc6 6. Be3 Bd7 7. Nbd2 cxd4 8. cxd4
Rc8 9. Be2 Bb4 10. O-O Ba5 11. Nb3 Bb6 12. Qd2 Nge7 13. Rac1 O-O 14. Bg5 Re8
15. Bd3 Ba5 16. Qe3 Na7 17. h4 Bb5 18. Rxc8 Naxc8 19. Bxb5 axb5 20. h5 h6 21.
Bh4 1/2-1/2

[Event "?"]
[Site "?"]
[Date "2017.07.25"]
[Round "4.2"]
[White "Yoon, Jacob D"]
[Black "Ray, Hiya"]
[Result "1/2-1/2"]
[WhiteElo "1874"]
[BlackElo "1523"]
[PlyCount "111"]
[EventDate "2017.07.28"]
[SourceDate "2017.07.28"]
[WhiteTeam "ENG A"]
[BlackTeam "WLS"]

1. e4 c5 2. Nf3 d6 3. d4 cxd4 4. Nxd4 Nf6 5. Nc3 g6 6. Be3 Bg7 7. Be2 O-O 8.
O-O Nc6 9. h3 Nxd4 10. Bxd4 Be6 11. f4 Rc8 12. g4 Bc4 13. f5 Bxe2 14. Qxe2 e5
15. Be3 d5 16. Rad1 d4 17. Bg5 Qb6 18. Nd5 Nxd5 19. exd5 d3+ 20. Qf2 dxc2 21.
Rc1 Qxb2 22. f6 Bh8 23. Rfe1 Qd4 24. Be3 Qxd5 25. g5 Rfd8 26. Rxc2 b6 27. Rec1
Rxc2 28. Rxc2 e4 29. Rd2 Qa8 30. Rxd8+ Qxd8 31. Qc2 h6 32. h4 hxg5 33. hxg5 Qd5
34. Qd2 Qf5 35. Qd4 Qg4+ 36. Kf2 Qf3+ 37. Ke1 Qh1+ 38. Kd2 Qg2+ 39. Bf2 Qxg5+
40. Be3 Qxf6 41. Qxe4 Qb2+ 42. Kd1 Qxa2 43. Qa8+ Kg7 44. Bd4+ f6 45. Bxf6+ Kxf6
46. Qxh8+ Kf5 47. Qh3+ Ke4 48. Qg4+ Ke3 49. Qg3+ Kd4 50. Qf4+ Kc3 51. Qf6+ Kb3
52. Qf7+ Kb2 53. Qg7+ Kb1 54. Qxg6+ Ka1 55. Qg7+ Qb2 56. Qxa7+ 1/2-1/2

[Event "?"]
[Site "?"]
[Date "2017.07.25"]
[Round "4.3"]
[White "Chung, Ethan Cheung Jing"]
[Black "See, Tristian"]
[Result "0-1"]
[WhiteElo "1348"]
[BlackElo "1531"]
[PlyCount "46"]
[EventDate "2017.07.28"]
[SourceDate "2017.07.28"]
[WhiteTeam "WLS"]
[BlackTeam "ENG A"]

1. e4 c5 2. Nf3 Nc6 3. d4 cxd4 4. Nxd4 Nf6 5. Nc3 d6 6. f3 g6 7. Be3 Bg7 8. Qd2
O-O 9. O-O-O Bd7 10. g4 Rc8 11. h4 h5 12. gxh5 Nxh5 13. Rg1 a6 14. f4 Qa5 15.
Be2 Nxf4 16. Nxc6 Nxe2+ 17. Qxe2 Rxc6 18. h5 Rxc3 19. bxc3 Qa3+ 20. Kb1 Be6 21.
Rd5 Bxd5 22. exd5 Bxc3 23. Bc1 Qb4+ 0-1

[Event "?"]
[Site "?"]
[Date "2017.07.25"]
[Round "4.4"]
[White "Metcalfe, Charlie P"]
[Black "Smith, Madeleine"]
[Result "1-0"]
[WhiteElo "1713"]
[BlackElo "1020"]
[PlyCount "89"]
[EventDate "2017.07.28"]
[SourceDate "2017.07.28"]
[WhiteTeam "ENG A"]
[BlackTeam "WLS"]

1. d4 d5 2. Nf3 e6 3. c4 c5 4. cxd5 exd5 5. Nc3 Nc6 6. dxc5 d4 7. Ne4 Bxc5 8.
Nxc5 Qa5+ 9. Qd2 Qxc5 10. b3 Qc3 11. Bb2 Qxd2+ 12. Kxd2 Bf5 13. Nxd4 Nxd4 14.
Bxd4 f6 15. Rc1 Ne7 16. Rc7 b6 17. f3 Kf7 18. e4 Be6 19. Ba6 Rhd8 20. Ke3 Rd6
21. Rhc1 Kf8 22. Bb2 Rd7 23. Ba3 Ke8 24. Bb5 Ng6 25. Rc8+ Rxc8 26. Rxc8+ Kf7
27. Bxd7 Bxd7 28. Rc7 Ke6 29. f4 f5 30. exf5+ Kxf5 31. Rxd7 Nxf4 32. Rf7+ Ke5
33. Rxf4 a5 34. Bb2+ Ke6 35. Bxg7 b5 36. Rh4 Kf7 37. Bc3 b4 38. Rxh7+ Kg6 39.
Rg7+ Kh6 40. Bd4 Kh5 41. Kf4 Kh6 42. Kf5 a4 43. g4 axb3 44. g5+ Kh5 45. Rh7#
1-0

[Event "?"]
[Site "?"]
[Date "2017.07.25"]
[Round "4.5"]
[White "Stevenson, Neil"]
[Black "Gilmore, Samuel"]
[Result "0-1"]
[WhiteElo "1088"]
[BlackElo "1427"]
[PlyCount "72"]
[EventDate "2017.07.28"]
[SourceDate "2017.07.28"]
[WhiteTeam "WLS"]
[BlackTeam "ENG A"]

1. e4 g6 2. d4 Bg7 3. Nf3 c5 4. c3 Qa5 5. Bd2 d6 6. Bc4 e6 7. d5 e5 8. O-O Nf6
9. Re1 O-O 10. Qc1 Re8 11. Bh6 Bh8 12. Na3 a6 13. Nc2 b5 14. Bd3 Bb7 15. Qg5
Nbd7 16. Qh4 Rac8 17. Ne3 c4 18. Bc2 Qb6 19. Bg5 a5 20. Rab1 Rb8 21. Bxf6 Bxf6
22. Qg4 Nf8 23. Nf5 Bc8 24. Nh6+ Kg7 25. Nf5+ Kh8 26. N3h4 gxf5 27. Nxf5 Ng6
28. Qh3 Rb7 29. Re3 Bxf5 30. exf5 Nf4 31. Qh6 Qd8 32. Rd1 Bg5 33. Qxh7+ Kxh7
34. f6+ Kg8 35. Rg3 Ne2+ 36. Kh1 Nxg3+ 0-1

[Event "?"]
[Site "?"]
[Date "2017.07.25"]
[Round "4.1"]
[White "Brass, Ezra"]
[Black "Meillon, Judicael"]
[Result "0-1"]
[WhiteElo "1576"]
[BlackElo "1931"]
[PlyCount "72"]
[EventDate "2017.07.28"]
[SourceDate "2017.07.28"]
[WhiteTeam "ENG B"]
[BlackTeam "FRA"]

1. d4 Nf6 2. Bf4 c6 3. e3 e6 4. c3 d5 5. h3 Bd6 6. Bd3 O-O 7. Nf3 h6 8. Nbd2 c5
9. g4 cxd4 10. cxd4 Nc6 11. g5 hxg5 12. Bxg5 e5 13. dxe5 Nxe5 14. Bb1 Re8 15.
Rg1 Kf8 16. Bxf6 Qxf6 17. Ng5 Ke7 18. Qb3 Bd7 19. Qxd5 Bc6 20. Qb3 Rad8 21.
Nde4 Nf3+ 22. Kf1 Bxe4 23. Nxe4 Qh6 24. Rh1 Kf8 25. Qxb7 Qh4 26. Kg2 Qh5 27.
Nxd6 Nh4+ 28. Kh2 Qe5+ 29. f4 Qxd6 30. Qxa7 Qd2+ 31. Kg3 Rxe3+ 32. Kxh4 Qf2+
33. Kh5 Rd5+ 34. f5 Rxf5+ 35. Bxf5 Qxf5+ 36. Kh4 Qf4+ 0-1

[Event "?"]
[Site "?"]
[Date "2017.07.25"]
[Round "4.2"]
[White "Verhille, Elie"]
[Black "Saidmurodov, Shahjahon"]
[Result "1/2-1/2"]
[WhiteElo "1754"]
[BlackElo "1505"]
[PlyCount "176"]
[EventDate "2017.07.28"]
[SourceDate "2017.07.28"]
[WhiteTeam "FRA"]
[BlackTeam "ENG B"]

1. e4 e6 2. d4 d5 3. Nd2 dxe4 4. Nxe4 Nd7 5. Nf3 Ngf6 6. Bd3 Be7 7. O-O O-O 8.
Ng3 b6 9. c4 Bb7 10. b3 c5 11. Bb2 cxd4 12. Nxd4 Nc5 13. Bc2 Nce4 14. Nxe4 Nxe4
15. Qe2 Nf6 16. Rad1 Qc7 17. Rfe1 Rfd8 18. Nf5 Rxd1 19. Nxe7+ Qxe7 20. Rxd1 Rd8
21. Bd3 Rd7 22. Bxf6 gxf6 23. Qg4+ Kh8 24. Qh3 f5 25. Re1 Qd6 26. Bf1 Qd2 27.
Re3 Qb4 28. Qh6 Qe7 29. Rg3 f6 30. Rg6 Rd8 31. Rxf6 Re8 32. h3 Qg7 33. Rxe6
Qxh6 34. Rxh6 Re1 35. Rd6 Be4 36. f3 Bb1 37. Kf2 Rc1 38. Rd2 Kg7 39. Be2 Kf6
40. Bd1 Ke5 41. Rd5+ Ke6 42. Rd2 Ke5 43. g3 a6 44. f4+ Ke6 45. Bf3 Rc3 46. Be2
Be4 47. h4 Rc1 48. Bd1 Ke7 49. Bf3 Bb1 50. Bd1 Rc3 51. Rb2 Be4 52. Rd2 Bd3 53.
h5 Be4 54. Be2 a5 55. Bd1 Bb1 56. Re2+ Be4 57. g4 Rf3+ 58. Ke1 Rxf4 59. gxf5
Kf6 60. Rf2 Rxf2 61. Kxf2 Kxf5 62. Ke3 Ke5 63. a3 h6 64. b4 axb4 65. axb4 Bc6
66. Bc2 Bb7 67. Bg6 Bc6 68. Bd3 Bb7 69. Be2 Bc6 70. Bg4 Bb7 71. Bd7 Bg2 72. Be8
Bb7 73. Bd7 Bg2 74. c5 bxc5 75. bxc5 Bd5 76. Kf2 Bb7 77. Kg3 Be4 78. Kg4 Bd5
79. Ba4 Bb7 80. Bd1 Bc8+ 81. Kf3 Kd5 82. Kf4 Kxc5 83. Ke5 Ba6 84. Kf6 Bd3 85.
Kg7 Bc4 86. Bf3 Kd6 87. Kxh6 Bf7 88. Kg7 Bxh5 1/2-1/2

[Event "?"]
[Site "?"]
[Date "2017.07.25"]
[Round "4.3"]
[White "Lesliel, Alex"]
[Black "Kien, Clovis"]
[Result "0-1"]
[WhiteElo "1485"]
[BlackElo "1501"]
[PlyCount "62"]
[EventDate "2017.07.28"]
[SourceDate "2017.07.28"]
[WhiteTeam "ENG B"]
[BlackTeam "FRA"]

1. d4 Nf6 2. c4 g6 3. Nc3 Bg7 4. Nf3 O-O 5. e4 d6 6. Bg5 Nbd7 7. Be2 e5 8. dxe5
dxe5 9. O-O h6 10. Bh4 c6 11. Qc2 Qc7 12. h3 Nc5 13. Bg3 Nh5 14. Bh2 Nf4 15.
Bxf4 exf4 16. Nd2 f5 17. Rac1 fxe4 18. Ncxe4 Bf5 19. b4 Ne6 20. Nb3 Rae8 21.
Bd3 f3 22. g3 Bxh3 23. Rfe1 Nd4 24. Nxd4 Bxd4 25. Kh2 Re5 26. Rh1 Bg2 27. Kg1
Bxh1 28. Kxh1 Qd7 29. Bf1 Qg4 30. Re1 Rf4 31. c5 Rfxe4 0-1